000 01386cad a2200253 4500
001 L158760
008 100215n2013 000 0 eng u
020 _a9781783210305
035 _a(Sirsi) u158760
041 _aeng
100 1 _aBryant, Lyndall
111 2 _aConstruction and Building Research Conference
_cIIT Delhi, New Delhi
_d10-12 September 2013
245 0 0 _aData requirements of hedonic models in determining the impact on infrastructure charges on new housing costs
_h[electronic resource]
260 _aLondon
_bRICS
_c2013
490 0 _aCOBRA
_v2013
520 _aA paper presented at the COBRA Conference in New Delhi on 10-12 September 2013. Looks at several international hedonic house price models seeking to quantify the effect of infrastructure charges on new house prices. This research finds there is little consistency between existing models and the data sets utilised. Specification appears dependent upon data availability rather than sound theoretical grounding. This may lead to a lack of external validity with model specification dependent upon data availability rather than sound theoretical grounding.
650 2 4 _aCONSTRUCTION AND BUILDING RESEARCH CONFERENCE (COBRA)
650 2 4 _aHOUSE PRICES
650 2 4 _aINFRASTRUCTURE CHARGES
651 4 _aAustralia
690 _aResidential property
_96266
700 1 _aEves, Chris
942 _n0
999 _c115493
_d115493